000 00940nam a22003011i 4500
005 20200729145804.0
008 200729s2018 ii a e 000 f tam d
020 _cRM 58.00
_qpaperback
040 _aPPAK
_beng
_cPPAK
_erda
082 0 4 _223
_a894.811372
090 0 0 _a894.811372
_bUSH
_dG
100 1 _6880-01
_aUsharani, S.
_eauthor.
240 1 0 _aBintang Hati
_lMalay.
245 1 0 _6880-02
_aVidivelli /
_cS. Usharani
250 _aFirst Edition.
264 1 _aChennai, India :
_bRamu Nilayam ,
_c2018.
300 _a384 pages ;
_c18 cm.
336 _2rdacontent
_atext
337 _2rdamedia
_aunmediated
338 _2rdacarrier
_avolume
500 _aFamily Novels
546 _aIn Tamil.
650 1 0 _aTamil fiction.
655 0 _aRomance fiction.
880 1 _6100-01
_aஉஷாராணி, எஸ்.
_eauthor.
880 1 0 _6245-02
_aவிடிவெள்ளி /
_cஎஸ்.உஷாராணி
942 _2ddc
_cB
999 _c178397
_d178397